[Event "gorzyce wielkie"]
[Site "?"]
[Date "2020.02.08"]
[Round "2.2"]
[White "Malecki, Eugeniusz"]
[Black "Zakrzewski, Marek"]
[Result "1-0"]
[BlackElo "2256"]
[WhiteElo "1729"]
[LiveChessVersion "1.4.8"]

1. e4 {[%clk 0:03:02]} g6 {[%clk 0:03:03]} 2. d3 {[%clk 0:03:02]} Bg7
{[%clk 0:03:04]} 3. f4 {[%clk 0:03:02]} d5 {[%clk 0:03:03]} 4. e5
{[%clk 0:03:02]} c5 {[%clk 0:03:03]} 5. Nf3 {[%clk 0:03:03]} Nc6 {[%clk 0:03:04]}
6. c3 {[%clk 0:03:04]} Bg4 {[%clk 0:03:04]} 7. Be2 {[%clk 0:03:05]} e6
{[%clk 0:03:04]} 8. O-O {[%clk 0:03:05]} Nge7 {[%clk 0:03:04]} 9. Be3
{[%clk 0:03:06]} d4 {[%clk 0:02:55]} 10. Bd2 {[%clk 0:02:59]} h5 {[%clk 0:02:47]}
11. h3 {[%clk 0:02:54]} Bxf3 {[%clk 0:02:47]} 12. Bxf3 {[%clk 0:02:50]} Nd5
{[%clk 0:02:41]} 13. c4 {[%clk 0:02:49]} Nde7 {[%clk 0:02:41]} 14. Be1
{[%clk 0:02:39]} Nf5 {[%clk 0:02:38]} 15. Bf2 {[%clk 0:02:38]} h4
{[%clk 0:02:37]} 16. Nd2 {[%clk 0:02:38]} Qb6 {[%clk 0:02:23]} 17. Qc1
{[%clk 0:02:28]} Nb4 {[%clk 0:02:05]} 18. Be4 {[%clk 0:02:27]} Rd8
{[%clk 0:02:00]} 19. a3 {[%clk 0:02:27]} Nc6 {[%clk 0:01:59]} 20. Bf3
{[%clk 0:02:24]} Ne3 {[%clk 0:01:55]} 21. Re1 {[%clk 0:02:15]} f6
{[%clk 0:01:49]} 22. exf6 {[%clk 0:02:13]} Bxf6 {[%clk 0:01:50]} 23. Ne4
{[%clk 0:02:14]} Bg7 {[%clk 0:01:38]} 24. Kh2 {[%clk 0:01:53]} Ne7
{[%clk 0:01:37]} 25. Bxe3 {[%clk 0:01:43]} dxe3 {[%clk 0:01:37]} 26. Qxe3
{[%clk 0:01:44]} Bd4 {[%clk 0:01:36]} 27. Qe2 {[%clk 0:01:39]} Qxb2
{[%clk 0:01:07]} 28. Qxb2 {[%clk 0:01:38]} Bxb2 {[%clk 0:01:08]} 29. Rab1
{[%clk 0:01:39]} Bxa3 {[%clk 0:01:09]} 30. Rxb7 {[%clk 0:01:39]} Bb4
{[%clk 0:00:56]} 31. Re3 {[%clk 0:01:35]} a5 {[%clk 0:00:42]} 32. Nf6+
{[%clk 0:01:11]} Kf7 {[%clk 0:00:41]} 33. Ne4 {[%clk 0:00:59]} Ke8
{[%clk 0:00:31]} 34. Ng5 {[%clk 0:00:57]} Rd7 {[%clk 0:00:32]} 35. Rb8+
{[%clk 0:00:49]} Rd8 {[%clk 0:00:33]} 36. Rxd8+ {[%clk 0:00:49]} Kxd8
{[%clk 0:00:35]} 37. Nf7+ {[%clk 0:00:49]} Kd7 {[%clk 0:00:36]} 38. Nxh8
{[%clk 0:00:50]} a4 {[%clk 0:00:36]} 39. Bg4 {[%clk 0:00:43]} Nf5 40. Bxf5
{[%clk 0:00:28]} gxf5 {[%clk 0:00:17]} 41. Re2 {[%clk 0:00:23]} a3
{[%clk 0:00:18]} 42. Ng6 {[%clk 0:00:24]} Bc3 {[%clk 0:00:19]} 43. Ne5+
{[%clk 0:00:23]} Kc7 {[%clk 0:00:20]} 44. Ra2 {[%clk 0:00:07]} Bb2
{[%clk 0:00:21]} 45. g4 {[%clk 0:00:06]} hxg3+ 46. Kxg3 {[%clk 0:00:07]} Kb6
{[%clk 0:00:24]} 47. h4 Ka5 48. h5 {[%clk 0:00:08]} Ka4 {[%clk 0:00:27]} 49. h6
{[%clk 0:00:09]} Kb3 {[%clk 0:00:28]} 50. Rxa3+ {[%clk 0:00:11]} Kxa3
{[%clk 0:00:29]} 51. h7 1-0

[Event "gorzyce wielkie"]
[Site "?"]
[Date "2020.02.08"]
[Round "2.4"]
[White "Szelag, Zuzanna"]
[Black "Michalski, Karol"]
[Result "0-1"]
[BlackElo "1946"]
[WhiteElo "1672"]
[LiveChessVersion "1.4.8"]

1. e4 {[%clk 0:03:03]} c5 {[%clk 0:03:03]} 2. Nf3 {[%clk 0:03:04]} g6
{[%clk 0:03:04]} 3. d4 {[%clk 0:03:05]} cxd4 {[%clk 0:03:05]} 4. Nxd4
{[%clk 0:03:05]} Bg7 {[%clk 0:03:06]} 5. c4 {[%clk 0:03:04]} Nc6 {[%clk 0:03:06]}
6. Nc2 {[%clk 0:03:03]} b6 {[%clk 0:03:03]} 7. Nc3 {[%clk 0:03:00]} Bb7
{[%clk 0:03:03]} 8. Be2 {[%clk 0:02:55]} Rc8 {[%clk 0:03:00]} 9. O-O
{[%clk 0:02:45]} Ne5 {[%clk 0:02:47]} 10. Ne3 {[%clk 0:02:36]} h5
{[%clk 0:02:39]} 11. f4 {[%clk 0:02:17]} Ng4 {[%clk 0:02:39]} 12. Nxg4
{[%clk 0:02:00]} hxg4 {[%clk 0:02:40]} 13. Bxg4 {[%clk 0:02:01]} Rxc4
{[%clk 0:02:38]} 14. Qd3 {[%clk 0:01:55]} Rd4 {[%clk 0:02:35]} 15. Qe2
{[%clk 0:01:47]} Nf6 {[%clk 0:02:16]} 16. Bf3 {[%clk 0:01:24]} Qc8
{[%clk 0:02:15]} 17. Rd1 {[%clk 0:01:19]} Ba6 {[%clk 0:02:10]} 18. Qe1
{[%clk 0:01:15]} Rxd1 {[%clk 0:01:45]} 19. Qxd1 {[%clk 0:01:16]} Qc5+
{[%clk 0:01:45]} 20. Kh1 {[%clk 0:01:10]} Qf2 {[%clk 0:01:46]} 21. Nd5
{[%clk 0:00:57]} Nxd5 {[%clk 0:01:40]} 22. exd5 {[%clk 0:00:56]} Bd4
{[%clk 0:01:40]} 23. h3 {[%clk 0:00:42]} Bf1 {[%clk 0:01:29]} 24. Be3
{[%clk 0:00:37]} Bxg2+ {[%clk 0:01:12]} 25. Bxg2 {[%clk 0:00:37]} Qxe3
{[%clk 0:01:09]} 26. Qf3 {[%clk 0:00:28]} Qxf3 {[%clk 0:00:56]} 27. Bxf3
{[%clk 0:00:28]} Rxh3+ {[%clk 0:00:56]} 28. Kg2 {[%clk 0:00:30]} Rh8
{[%clk 0:00:39]} 29. Rc1 {[%clk 0:00:26]} Kf8 {[%clk 0:00:40]} 30. b3
{[%clk 0:00:27]} a5 {[%clk 0:00:36]} 31. Rc7 {[%clk 0:00:21]} d6 {[%clk 0:00:33]}
32. Be2 {[%clk 0:00:15]} Kg7 {[%clk 0:00:33]} 33. Rxe7 {[%clk 0:00:15]} Rc8
{[%clk 0:00:25]} 34. Bg4 {[%clk 0:00:11]} Rc2+ {[%clk 0:00:10]} 35. Kh3
{[%clk 0:00:07]} Bf6 {[%clk 0:00:09]} 36. Rd7 {[%clk 0:00:05]} Rc3+
{[%clk 0:00:08]} 37. Kg2 {[%clk 0:00:06]} Rc2+ {[%clk 0:00:09]} 38. Kh3
{[%clk 0:00:07]} Rxa2 {[%clk 0:00:07]} 39. Be6 {[%clk 0:00:08]} Bc3
{[%clk 0:00:05]} 40. Rxf7+ {[%clk 0:00:09]} Kh6 {[%clk 0:00:06]} 41. Rf8
{[%clk 0:00:08]} Kg7 {[%clk 0:00:07]} 42. Rf7+ {[%clk 0:00:09]} Kh6
{[%clk 0:00:09]} 43. Rf8 {[%clk 0:00:11]} Rb2 {[%clk 0:00:09]} 44. Rh8+
{[%clk 0:00:10]} Bxh8 {[%clk 0:00:10]} 0-1

[Event "gorzyce wielkie"]
[Site "?"]
[Date "2020.02.08"]
[Round "2.5"]
[White "Banach, Szymon"]
[Black "Golinski, Kacper"]
[Result "1-0"]
[BlackElo "1697"]
[WhiteElo "1912"]
[LiveChessVersion "1.4.8"]

1. d4 {[%clk 0:03:04]} Nf6 {[%clk 0:03:03]} 2. Bg5 {[%clk 0:03:05]} d5
{[%clk 0:03:00]} 3. e3 {[%clk 0:03:04]} e6 {[%clk 0:03:01]} 4. Bd3
{[%clk 0:03:04]} Be7 {[%clk 0:03:02]} 5. Nf3 {[%clk 0:03:05]} O-O
{[%clk 0:03:02]} 6. Nbd2 {[%clk 0:03:06]} b6 {[%clk 0:03:04]} 7. c3
{[%clk 0:03:06]} Bb7 {[%clk 0:03:05]} 8. Ne5 {[%clk 0:03:06]} Nbd7
{[%clk 0:03:01]} 9. Ndf3 {[%clk 0:03:07]} Ne4 {[%clk 0:02:43]} 10. Nxd7
{[%clk 0:02:31]} Qxd7 {[%clk 0:02:20]} 11. Ne5 {[%clk 0:02:28]} Qd8
{[%clk 0:02:14]} 12. Bxe7 {[%clk 0:01:49]} Qxe7 {[%clk 0:02:14]} 13. f3
{[%clk 0:01:44]} Nd6 {[%clk 0:01:59]} 14. Qc2 {[%clk 0:01:41]} g6
{[%clk 0:01:47]} 15. h4 {[%clk 0:01:40]} f6 {[%clk 0:01:44]} 16. Ng4
{[%clk 0:01:36]} h5 {[%clk 0:00:35]} 17. Nf2 {[%clk 0:01:25]} f5 {[%clk 0:00:23]}
18. O-O-O {[%clk 0:01:21]} c5 {[%clk 0:00:21]} 19. Nh3 {[%clk 0:01:22]} c4
{[%clk 0:00:18]} 20. Be2 {[%clk 0:01:23]} b5 {[%clk 0:00:19]} 21. g4
{[%clk 0:01:21]} hxg4 {[%clk 0:00:15]} 22. fxg4 {[%clk 0:01:21]} Ne4
{[%clk 0:00:15]} 23. Bf3 {[%clk 0:01:12]} Kf7 {[%clk 0:00:11]} 24. Ng5+
{[%clk 0:01:10]} Nxg5 {[%clk 0:00:07]} 25. hxg5 {[%clk 0:01:11]} Ke8
{[%clk 0:00:05]} 26. gxf5 {[%clk 0:00:56]} exf5 {[%clk 0:00:06]} 27. Qg2
{[%clk 0:00:51]} Bc6 {[%clk 0:00:03]} 28. Bxd5 {[%clk 0:00:49]} Bxd5
{[%clk 0:00:03]} 29. Qxd5 {[%clk 0:00:50]} Qxe3+ {[%clk 0:00:04]} 30. Rd2
{[%clk 0:00:48]} Qe4 {[%clk 0:00:05]} 31. Qxb5+ {[%clk 0:00:43]} Kd8
{[%clk 0:00:05]} 32. Qa5+ {[%clk 0:00:39]} Ke8 {[%clk 0:00:04]} 33. Qa4+
{[%clk 0:00:40]} Kd8 {[%clk 0:00:04]} 34. Rh7 {[%clk 0:00:30]} Qe1+
{[%clk 0:00:05]} 35. Rd1 {[%clk 0:00:31]} Qe3+ {[%clk 0:00:06]} 36. Kb1
{[%clk 0:00:31]} Qe4+ {[%clk 0:00:07]} 37. Ka1 {[%clk 0:00:32]} Qd5
{[%clk 0:00:06]} 38. Re1 {[%clk 0:00:26]} Rb8 {[%clk 0:00:04]} 39. Qxa7 Rc8
{[%clk 0:00:04]} 40. Qe7# {[%clk 0:00:25]} 1-0

[Event "gorzyce wielkie"]
[Site "?"]
[Date "2020.02.08"]
[Round "2.6"]
[White "Hemmerling, Jaroslaw"]
[Black "Sobczak, Miroslaw"]
[Result "0-1"]
[BlackElo "1886"]
[WhiteElo "1615"]
[LiveChessVersion "1.4.8"]

1. e4 {[%clk 0:03:03]} c5 {[%clk 0:03:02]} 2. Nf3 {[%clk 0:03:03]} Nc6
{[%clk 0:03:04]} 3. Bb5 {[%clk 0:03:03]} g6 {[%clk 0:03:04]} 4. O-O
{[%clk 0:03:03]} Bg7 {[%clk 0:03:05]} 5. Bxc6 {[%clk 0:03:03]} bxc6
{[%clk 0:03:06]} 6. Re1 {[%clk 0:03:01]} Nf6 {[%clk 0:03:05]} 7. Nc3
{[%clk 0:02:52]} Qc7 {[%clk 0:03:06]} 8. d3 {[%clk 0:02:41]} O-O {[%clk 0:03:06]}
9. h3 {[%clk 0:02:41]} Rb8 {[%clk 0:03:04]} 10. Rb1 {[%clk 0:02:40]} Ba6
{[%clk 0:03:05]} 11. Be3 {[%clk 0:02:40]} d6 {[%clk 0:02:58]} 12. e5
{[%clk 0:02:32]} Nd5 {[%clk 0:02:59]} 13. exd6 {[%clk 0:02:05]} exd6
{[%clk 0:02:59]} 14. Nxd5 {[%clk 0:02:06]} cxd5 {[%clk 0:02:59]} 15. Bf4
{[%clk 0:02:07]} d4 {[%clk 0:02:49]} 16. Qd2 {[%clk 0:01:37]} Rfe8
{[%clk 0:02:46]} 17. Rxe8+ {[%clk 0:01:34]} Rxe8 {[%clk 0:02:47]} 18. Re1
{[%clk 0:01:35]} Be5 {[%clk 0:02:26]} 19. c3 {[%clk 0:00:51]} dxc3
{[%clk 0:01:43]} 20. bxc3 {[%clk 0:00:51]} Bb7 {[%clk 0:01:44]} 21. d4
{[%clk 0:00:48]} Bxf3 {[%clk 0:01:21]} 22. gxf3 {[%clk 0:00:47]} Qc8
{[%clk 0:01:12]} 23. dxe5 {[%clk 0:00:44]} Qxh3 {[%clk 0:01:12]} 24. Qxd6
{[%clk 0:00:18]} Qxf3 {[%clk 0:01:11]} 25. e6 {[%clk 0:00:15]} Qg4+
{[%clk 0:01:05]} 26. Bg3 {[%clk 0:00:15]} Rxe6 {[%clk 0:01:05]} 27. Rxe6
{[%clk 0:00:15]} fxe6 {[%clk 0:01:06]} 28. Qxc5 {[%clk 0:00:12]} h5
{[%clk 0:01:06]} 29. Qd4 {[%clk 0:00:09]} Qg5 {[%clk 0:00:52]} 30. Qf4
{[%clk 0:00:10]} Qd5 {[%clk 0:00:51]} 31. Qe5 {[%clk 0:00:09]} Qxa2
{[%clk 0:00:47]} 32. Bf4 {[%clk 0:00:08]} Qb1+ {[%clk 0:00:39]} 33. Kg2
{[%clk 0:00:07]} Qd1 {[%clk 0:00:39]} 34. Bh6 {[%clk 0:00:05]} Qg4+
{[%clk 0:00:39]} 35. Kf1 {[%clk 0:00:06]} Qd1+ {[%clk 0:00:40]} 36. Kg2
{[%clk 0:00:05]} Qg4+ {[%clk 0:00:41]} 37. Qg3 {[%clk 0:00:03]} Qf5
{[%clk 0:00:39]} 38. Qg5 {[%clk 0:00:03]} Qe4+ {[%clk 0:00:35]} 39. Kh2
{[%clk 0:00:04]} Kh7 {[%clk 0:00:36]} 40. Qf4 {[%clk 0:00:04]} Qc2
{[%clk 0:00:29]} 41. Bg5 {[%clk 0:00:05]} Qxc3 {[%clk 0:00:29]} 42. Qf7+
{[%clk 0:00:06]} Qg7 {[%clk 0:00:29]} 43. Qxg7+ {[%clk 0:00:05]} Kxg7
{[%clk 0:00:30]} 44. Be3 {[%clk 0:00:06]} a5 {[%clk 0:00:31]} 45. Bc5
{[%clk 0:00:06]} e5 {[%clk 0:00:32]} 46. Kg3 {[%clk 0:00:08]} Kf6
{[%clk 0:00:33]} 47. Kf3 {[%clk 0:00:09]} Kf5 {[%clk 0:00:34]} 48. Ke3
{[%clk 0:00:10]} g5 {[%clk 0:00:35]} 49. f3 {[%clk 0:00:08]} h4 {[%clk 0:00:31]}
50. Kf2 {[%clk 0:00:08]} g4 {[%clk 0:00:28]} 51. fxg4+ {[%clk 0:00:09]} Kxg4
{[%clk 0:00:29]} 52. Bd6 {[%clk 0:00:09]} e4 {[%clk 0:00:30]} 53. Bc7
{[%clk 0:00:09]} a4 {[%clk 0:00:31]} 54. Bd6 {[%clk 0:00:10]} h3 {[%clk 0:00:32]}
55. Bc7 {[%clk 0:00:09]} a3 {[%clk 0:00:32]} 56. Be5 {[%clk 0:00:10]} a2
{[%clk 0:00:34]} 57. Kg1 {[%clk 0:00:09]} e3 {[%clk 0:00:33]} 0-1

[Event "gorzyce wielkie"]
[Site "?"]
[Date "2020.02.08"]
[Round "2.7"]
[White "Chmielarz, Maciej"]
[Black "Drozdzynski, Arkadiusz"]
[Result "1-0"]
[BlackElo "1649"]
[WhiteElo "1883"]
[LiveChessVersion "1.4.8"]

1. d4 {[%clk 0:03:02]} Nf6 {[%clk 0:03:03]} 2. c4 {[%clk 0:03:03]} e6
{[%clk 0:03:03]} 3. Nc3 {[%clk 0:03:04]} b6 {[%clk 0:03:04]} 4. e4
{[%clk 0:03:05]} d6 {[%clk 0:03:05]} 5. f3 {[%clk 0:03:06]} Bb7 {[%clk 0:03:06]}
6. Be3 {[%clk 0:03:07]} Be7 {[%clk 0:03:06]} 7. Bd3 {[%clk 0:03:08]} a6
{[%clk 0:03:07]} 8. Nh3 {[%clk 0:03:08]} h6 {[%clk 0:03:07]} 9. Nf2
{[%clk 0:03:10]} Nbd7 {[%clk 0:03:08]} 10. b4 {[%clk 0:03:07]} c5
{[%clk 0:03:08]} 11. bxc5 {[%clk 0:03:08]} dxc5 {[%clk 0:03:09]} 12. d5
{[%clk 0:03:02]} exd5 {[%clk 0:03:09]} 13. cxd5 {[%clk 0:03:02]} Ne5
{[%clk 0:03:04]} 14. Be2 {[%clk 0:02:42]} O-O {[%clk 0:03:02]} 15. f4
{[%clk 0:02:38]} Ned7 {[%clk 0:02:59]} 16. d6 {[%clk 0:02:38]} Nxe4
{[%clk 0:02:42]} 17. Ncxe4 {[%clk 0:02:28]} Bf6 {[%clk 0:02:38]} 18. Nxf6+
{[%clk 0:02:08]} Qxf6 {[%clk 0:02:38]} 19. O-O {[%clk 0:02:05]} Rfe8
{[%clk 0:02:39]} 20. Ng4 {[%clk 0:01:44]} Qc3 {[%clk 0:02:31]} 21. Bf3
{[%clk 0:01:21]} Bxf3 {[%clk 0:02:11]} 22. Rxf3 {[%clk 0:01:19]} f5
{[%clk 0:02:06]} 23. Ne5 {[%clk 0:01:03]} Nxe5 {[%clk 0:02:06]} 24. fxe5
{[%clk 0:01:04]} Qxe5 {[%clk 0:01:44]} 25. Bf4 {[%clk 0:00:46]} Qe4
{[%clk 0:01:44]} 26. d7 {[%clk 0:00:39]} Rf8 {[%clk 0:00:47]} 27. Bc7
{[%clk 0:00:38]} Qe7 {[%clk 0:00:20]} 28. d8=Q {[%clk 0:00:30]} Raxd8
{[%clk 0:00:20]} 29. Bxd8 {[%clk 0:00:31]} Rxd8 {[%clk 0:00:21]} 30. Rd3
{[%clk 0:00:25]} Rxd3 {[%clk 0:00:16]} 31. Qxd3 {[%clk 0:00:26]} Qe5
{[%clk 0:00:18]} 32. Rd1 {[%clk 0:00:25]} Kh7 {[%clk 0:00:09]} 33. Rf1
{[%clk 0:00:14]} g6 {[%clk 0:00:05]} 34. Rd1 {[%clk 0:00:13]} Qb2
{[%clk 0:00:05]} 35. Qd7+ {[%clk 0:00:13]} Qg7 {[%clk 0:00:06]} 36. Qxg7+
{[%clk 0:00:13]} Kxg7 {[%clk 0:00:08]} 37. Rd6 {[%clk 0:00:14]} b5
{[%clk 0:00:09]} 38. Rxa6 {[%clk 0:00:15]} c4 {[%clk 0:00:09]} 39. Rb6
{[%clk 0:00:16]} c3 {[%clk 0:00:10]} 40. Rxb5 Kf6 {[%clk 0:00:11]} 41. Rc5
{[%clk 0:00:18]} c2 {[%clk 0:00:12]} 42. Rxc2 {[%clk 0:00:19]} g5
{[%clk 0:00:13]} 43. a4 {[%clk 0:00:21]} Ke5 {[%clk 0:00:13]} 44. a5
{[%clk 0:00:22]} Kd4 {[%clk 0:00:15]} 45. a6 {[%clk 0:00:23]} Kd3
{[%clk 0:00:16]} 46. Rc7 {[%clk 0:00:24]} f4 {[%clk 0:00:17]} 47. a7
{[%clk 0:00:25]} 1-0

[Event "gorzyce wielkie"]
[Site "?"]
[Date "2020.02.08"]
[Round "2.8"]
[White "Anders, Marcin"]
[Black "Pera, Adam"]
[Result "0-1"]
[BlackElo "1840"]
[WhiteElo "1589"]
[LiveChessVersion "1.4.8"]

1. e4 {[%clk 0:03:02]} c6 {[%clk 0:03:04]} 2. d4 {[%clk 0:03:02]} d5
{[%clk 0:03:05]} 3. exd5 {[%clk 0:03:03]} cxd5 {[%clk 0:03:06]} 4. c3
{[%clk 0:03:04]} g6 {[%clk 0:03:02]} 5. Bd3 {[%clk 0:03:02]} Bg7 {[%clk 0:02:59]}
6. Ne2 {[%clk 0:03:01]} Nh6 {[%clk 0:02:51]} 7. O-O {[%clk 0:02:59]} O-O
{[%clk 0:02:51]} 8. Bf4 {[%clk 0:02:55]} f6 {[%clk 0:02:49]} 9. Qc1
{[%clk 0:02:55]} Nf7 {[%clk 0:02:50]} 10. Na3 {[%clk 0:02:54]} Nc6
{[%clk 0:02:39]} 11. Nb5 {[%clk 0:02:47]} e5 {[%clk 0:02:40]} 12. dxe5
{[%clk 0:02:39]} fxe5 {[%clk 0:02:41]} 13. Bg3 {[%clk 0:02:39]} a6
{[%clk 0:02:42]} 14. Na3 {[%clk 0:02:39]} Bf5 {[%clk 0:02:34]} 15. Bxf5
{[%clk 0:02:23]} gxf5 {[%clk 0:02:35]} 16. f4 {[%clk 0:02:24]} e4
{[%clk 0:02:33]} 17. Nc2 {[%clk 0:02:22]} d4 {[%clk 0:02:10]} 18. cxd4
{[%clk 0:02:17]} Nxd4 {[%clk 0:02:10]} 19. Nexd4 {[%clk 0:02:18]} Bxd4+
{[%clk 0:02:11]} 20. Bf2 {[%clk 0:02:19]} Bg7 {[%clk 0:02:01]} 21. Ne3
{[%clk 0:02:18]} Qf6 {[%clk 0:01:34]} 22. Rb1 {[%clk 0:02:14]} Rac8
{[%clk 0:01:33]} 23. Qd2 {[%clk 0:02:13]} Rfd8 {[%clk 0:01:32]} 24. Qe2
{[%clk 0:02:14]} Qe6 {[%clk 0:00:50]} 25. b3 {[%clk 0:02:11]} Rd3
{[%clk 0:00:41]} 26. Qh5 {[%clk 0:02:10]} Nd6 {[%clk 0:00:05]} 27. Rfd1
{[%clk 0:02:09]} Rcc3 {[%clk 0:00:05]} 28. Rxd3 {[%clk 0:02:09]} Rxd3
{[%clk 0:00:06]} 29. Rc1 {[%clk 0:02:09]} Qg6 {[%clk 0:00:05]} 30. Qxg6 hxg6 31.
Rc7 {[%clk 0:01:48]} Bd4 {[%clk 0:00:07]} 32. Rd7 {[%clk 0:01:37]} Bxe3
{[%clk 0:00:07]} 33. Rxd6 {[%clk 0:01:37]} Rxd6 {[%clk 0:00:08]} 34. Bxe3 Rd1+
{[%clk 0:00:07]} 35. Kf2 {[%clk 0:01:39]} Kf7 {[%clk 0:00:08]} 36. h3
{[%clk 0:01:40]} Rd3 {[%clk 0:00:09]} 37. Ke2 {[%clk 0:01:40]} b5
{[%clk 0:00:11]} 38. g4 Rd5 39. gxf5 {[%clk 0:01:29]} gxf5 {[%clk 0:00:12]} 40.
h4 {[%clk 0:01:30]} Kg6 {[%clk 0:00:13]} 41. a3 {[%clk 0:01:22]} Kh5
{[%clk 0:00:14]} 42. b4 {[%clk 0:01:20]} Kxh4 {[%clk 0:00:14]} 43. Bc5
{[%clk 0:01:21]} Kg4 {[%clk 0:00:15]} 44. Ke3 {[%clk 0:01:21]} Rd3+
{[%clk 0:00:16]} 45. Ke2 {[%clk 0:01:22]} Rxa3 {[%clk 0:00:17]} 46. Bd6
{[%clk 0:01:22]} Rf3 {[%clk 0:00:17]} 47. Bc7 {[%clk 0:01:22]} Rxf4
{[%clk 0:00:17]} 48. Ke3 Rf3+ {[%clk 0:00:18]} 49. Ke2 {[%clk 0:01:24]} Rc3
{[%clk 0:00:19]} 50. Bd6 {[%clk 0:01:25]} Rc4 {[%clk 0:00:21]} 51. Bc5
{[%clk 0:01:25]} f4 {[%clk 0:00:21]} 52. Bd6 {[%clk 0:01:25]} Rc2+
{[%clk 0:00:23]} 53. Kd1 {[%clk 0:01:27]} Ra2 {[%clk 0:00:23]} 54. Ke1
{[%clk 0:01:26]} e3 {[%clk 0:00:23]} 0-1

[Event "gorzyce wielkie"]
[Site "?"]
[Date "2020.02.08"]
[Round "2.9"]
[White "Czerwinska, Milena"]
[Black "Wronka, Arkadiusz"]
[Result "0-1"]
[BlackElo "1609"]
[WhiteElo "1834"]
[LiveChessVersion "1.4.8"]

1. e4 {[%clk 0:03:02]} c5 {[%clk 0:03:02]} 2. Nf3 {[%clk 0:03:02]} d6
{[%clk 0:03:02]} 3. d4 {[%clk 0:03:02]} cxd4 {[%clk 0:03:02]} 4. Nxd4
{[%clk 0:03:02]} a6 {[%clk 0:03:01]} 5. Nc3 {[%clk 0:02:57]} Nf6 {[%clk 0:03:01]}
6. Be3 {[%clk 0:02:56]} g6 {[%clk 0:02:58]} 7. Bc4 {[%clk 0:02:43]} b5
{[%clk 0:02:52]} 8. Bd3 {[%clk 0:02:34]} Bg7 {[%clk 0:02:51]} 9. f3
{[%clk 0:02:01]} Bb7 {[%clk 0:02:49]} 10. Qd2 {[%clk 0:02:01]} Nbd7
{[%clk 0:02:23]} 11. O-O-O {[%clk 0:02:00]} Nc5 {[%clk 0:02:18]} 12. g4
{[%clk 0:01:55]} b4 {[%clk 0:02:10]} 13. Nce2 {[%clk 0:01:45]} a5
{[%clk 0:02:09]} 14. Bb5+ {[%clk 0:01:40]} Kf8 {[%clk 0:02:01]} 15. Bh6
{[%clk 0:01:37]} Qb6 {[%clk 0:01:44]} 16. Bd3 {[%clk 0:01:28]} a4
{[%clk 0:01:31]} 17. Kb1 {[%clk 0:01:23]} b3 {[%clk 0:01:26]} 18. a3
{[%clk 0:01:13]} Nxd3 {[%clk 0:01:23]} 19. Bxg7+ {[%clk 0:01:04]} Kxg7
{[%clk 0:01:18]} 20. Qxd3 {[%clk 0:01:57]} bxc2+ {[%clk 0:01:17]} 21. Nxc2
{[%clk 0:01:53]} Rhb8 {[%clk 0:01:16]} 22. Nb4 {[%clk 0:01:51]} Ba6
{[%clk 0:00:59]} 23. Qd4 {[%clk 0:01:48]} Bxe2 {[%clk 0:00:54]} 24. Qxb6
{[%clk 0:01:47]} Rxb6 {[%clk 0:00:55]} 25. Rd2 {[%clk 0:01:47]} Bxf3
{[%clk 0:00:56]} 26. Rg1 {[%clk 0:01:44]} Bxe4+ {[%clk 0:00:56]} 27. Ka1
{[%clk 0:01:43]} g5 {[%clk 0:01:35]} 28. Re2 {[%clk 0:01:37]} d5 {[%clk 0:01:34]}
29. Rc1 {[%clk 0:01:36]} Nxg4 {[%clk 0:01:30]} 30. Rc7 {[%clk 0:01:34]} e6
{[%clk 0:01:26]} 31. h3 {[%clk 0:01:32]} Ne5 {[%clk 0:01:24]} 32. Rf2
{[%clk 0:01:29]} Bf5 {[%clk 0:01:23]} 33. Rh2 {[%clk 0:01:28]} Kg6
{[%clk 0:01:23]} 34. h4 {[%clk 0:01:28]} h6 {[%clk 0:01:24]} 35. h5+
{[%clk 0:01:28]} Kg7 {[%clk 0:01:21]} 36. Re2 {[%clk 0:01:29]} Nd3
{[%clk 0:01:20]} 37. Nc6 {[%clk 0:01:21]} Bg4 {[%clk 0:01:13]} 38. Rd2
{[%clk 0:01:19]} Nf4 {[%clk 0:01:07]} 39. Ne5 {[%clk 0:01:15]} Bxh5
{[%clk 0:01:07]} 40. Rh2 {[%clk 0:01:14]} Bg6 {[%clk 0:01:07]} 41. Ng4
{[%clk 0:01:11]} h5 {[%clk 0:01:05]} 42. Ne5 {[%clk 0:01:11]} Rab8
{[%clk 0:01:03]} 43. Rd2 {[%clk 0:01:08]} Kf6 {[%clk 0:01:01]} 44. Nd7+
{[%clk 0:01:08]} Kf5 {[%clk 0:01:01]} 45. Nxb8 {[%clk 0:01:08]} Rxb8
{[%clk 0:01:02]} 46. Ra7 {[%clk 0:01:07]} g4 {[%clk 0:01:00]} 47. Rxa4
{[%clk 0:01:06]} g3 {[%clk 0:01:01]} 48. Rad4 {[%clk 0:01:00]} Rb3
{[%clk 0:00:59]} 49. a4 {[%clk 0:00:58]} g2 {[%clk 0:00:59]} 50. Rd1
{[%clk 0:00:57]} h4 {[%clk 0:00:59]} 51. a5 {[%clk 0:00:56]} h3 {[%clk 0:00:59]}
52. a6 {[%clk 0:00:56]} Rb8 {[%clk 0:00:58]} 53. R4d2 {[%clk 0:00:17]} Ra8
{[%clk 0:00:54]} 54. b4 {[%clk 0:00:10]} Rxa6+ {[%clk 0:00:55]} 55. Kb2
{[%clk 0:00:11]} Kg4 {[%clk 0:00:52]} 56. Kc3 {[%clk 0:00:10]} Ra3+
{[%clk 0:00:46]} 57. Kd4 {[%clk 0:00:11]} h2 {[%clk 0:00:41]} 58. Rxg2+
{[%clk 0:00:07]} Nxg2 {[%clk 0:00:43]} 59. Rh1 {[%clk 0:00:07]} Rh3
{[%clk 0:00:36]} 60. b5 {[%clk 0:00:08]} Nf4 {[%clk 0:00:31]} 61. Kc5
{[%clk 0:00:07]} Nd3+ {[%clk 0:00:29]} 62. Kd6 {[%clk 0:00:07]} Nf2
{[%clk 0:00:30]} 63. Rxh2 {[%clk 0:00:07]} Rxh2 {[%clk 0:00:31]} 64. b6
{[%clk 0:00:07]} Ne4+ {[%clk 0:00:33]} 65. Kc7 {[%clk 0:00:07]} Rb2
{[%clk 0:00:34]} 0-1